00751nam a22002177a 450000500170000001000130001702000220003003500130005203700160006504000120008108200150009310000240010824501040013226000420023627000490027830000330032750000510036065000620041165000400047370000200051320170124110254.0 aA-945532 c00.00a8173912858 aA-945532 bCen Lib/Ret aDPLbEN a371.9bYSS aYsseldyke, James E. aSpecial education :cby James E Ysseldyke [and] Bob Algozzineba practical approach for teachers / aNew Delhi bKanishka Publishersc1998 a4697/5-21 A, Ansari RoadbNew Delhi e110002 axxiv,523p. :c26cm(Hb)bill. aIncludes bibliographical references and index  aChildren with disabilities -- Education -- United States. aSpecial education -- United States. aAlgozzine, Bob